Responses for Show #9163 - Wednesday, September 18, 2024

Contestants

[<< previous game]

Sam Neuman, a global communications specialist from New York, New York

Chris Lindsay, an attorney from Carmel, California

Aiden Orzech, a teacher from Thornhill, Ontario, Canada (whose 2-day cash winnings total $49,599)

[next game >>]

Jeopardy! Round responses

PRINCES & PRINCESSES
VANCOUVER, B.C.
COMPLETES THE SONG TITLES
RAIN CHECK
7-UP
SAY IT "AINT" SO
    $200 25
Wales

Aiden
    $200 27
the Canucks

Aiden
    $200 26
[NOTE: According to a video clip posted to official social media channels, this clue was a substitution for a clue Ken flubbed by reading the response instead of "blank". The clue originally read, "'Paint It ____' & 'Back To ____'". "We gotta toss it", Ken said, after realizing his mistake.]

Georgia

Aiden
    $200 28
El NiƱo

Aiden
    $200 29
pickles

Chris
    $200 30
dainty

Aiden
    $400 22
the House of Orange

Aiden
    $1,000 24
(Ken: Canadian history did not let you down.)

Greenpeace

Aiden
    $400 21
Young

Sam
    $400 23
Paris

Aiden
    $400 20
Quidditch

Aiden
    $400 19
the plaintiff

Aiden
    $600 8
the Hundred Years' War

Sam
    $600 6
(Aiden: What is Atlantis?)

the Discovery

Aiden
Triple Stumper
    $600 1
(Aiden: What is Love?)
(Chris: What is Romance?)

Guy

AidenChris
Triple Stumper
    $600 4
Kauai

Triple Stumper
    $600 14
Carlin

Aiden
    $600 17
(Chris: What...)

maintenance

ChrisSam
    $800 9
(Aiden: What is... Hamburg?)

Bavaria

AidenSam
    $800 7
the Canadian Pacific Railway

Aiden
    $800 2
Feeling

Aiden
    $800 5
(Aiden: What is hydrogen sulfide?)
(Chris: What is hydrochloric acid?)
(Sam: What is acid rain?)
(Ken: Can you be more specific?)
(Sam: Uh... no.)
[Laughter]

sulfuric acid

AidenChrisSam
Triple Stumper
    $800 13
pride

Triple Stumper
    $800 16
Saint Elmo's fire

Triple Stumper
    $1000 10
Rainier

Aiden
    $1000 18
the Commonwealth Games

Chris
    $1000 3
Boogie

Sam
    $1000 11
a monsoon

Triple Stumper
    $1000 12
(Aiden: Who are the Muses?)

the Pleiades

AidenSam
    $1000 15
restraints

Chris

Scores at the first commercial break (after clue 15):

Aiden Chris Sam
-$600 -$400 $2,600

Scores at the end of the Jeopardy! Round:

Aiden Chris Sam
$3,000 $200 $3,600

Double Jeopardy! Round responses

GIVE US YOUR INITIAL THOUGHTS
(Ken: And I will need you to respond with the initials.)
THE HISTORICAL HOOSEGOW
CONSTELLATIONS
NFTs & IPOs
PRESIDENTIAL LAST NAMES
LITTLE BLACK BOOKS
    $400 28
the GOP

Aiden
    $400 29
Peter

Triple Stumper
    $400 30
a clock

Sam
    $400 26
Kraft Foods

Aiden
    $400 25
Carter

Chris
    $400 24
The Black Cauldron

Aiden
    $800 27
the OSS

Aiden
    $800 7
the Beagle Channel

Chris
    $800 23
(Ken: Might be food for the chameleon, Musca's [*].)

a fly

Triple Stumper
    $800 22
Banksy

Chris
    $800 5
Taylor

Aiden
    $800 18
a black sheep

Chris
    $1200 2
LMFAO

Aiden
    $1200 8
Casanova

Sam
    $3,000 11
the Southern Cross

Sam
    $1200 15
Reddit

Aiden
    $1200 1
(Ken: That's Kate [*].)

Bush

Triple Stumper
    $1200 19
the Black Dahlia

Chris
    $3,000 6
(Aiden: What are HFCLs?)
(Ken: No, sorry, [*], chlorofluorocarbons.)

CFCs

Aiden
    $1600 9
the Man in the Iron Mask

Triple Stumper
    $1600 13
(Aiden: Oh... who is the Queen of Sheba?)

Cassiopeia

Aiden
Triple Stumper
    $1600 16
Jack Dorsey

Aiden
    $1600 3
Coolidge

Triple Stumper
    $1600 20
Black Hawk Down

Chris
    $2000 12
(Aiden: What is... the APA?)
(Sam: What is OED?)
...
(Ken: Not APA style, Aiden, but [*], the other one.)

MLA

AidenSam
Triple Stumper
    $2000 10
Papillon

Triple Stumper
    $2000 14
Asclepius

Triple Stumper
    $2000 17
(Aiden: What are... Apes?)
(Ken: Can you be more specific?)

Bored Apes

Aiden
    $2000 4
Hayes

Sam
    $2000 21
Richard Wright

Sam

Scores at the end of the Double Jeopardy! Round:

Aiden Chris Sam
$5,200 $5,800 $10,200

[wagering suggestions for these scores]

Final Jeopardy! Round responses

THE MOVIES
(Ken: [To Aiden] His first full-length movie, but that's not correct, I'm afraid.)
...
Ken: [To Chris] Disney created Fantasound, making it the first commercial movie with stereo sound and music.)
AidenWhat is Snow White and the Seven Dwarfs?
$5,200
ChrisWhat is Fantasia?
$5,800
SamWhat is Steamboat Willie?
$1,420
Fantasia

Final scores:

Aiden Chris Sam
$0 $11,600 $8,780
3rd place: $2,000 New champion: $11,600 2nd place: $3,000

Game dynamics:

Coryat scores:

Aiden Chris Sam
$7,600 $5,800 $8,400
23 R
(including 1 DD),
8 W
(including 1 DD)
9 R,
3 W
11 R
(including 1 DD),
2 W

Combined Coryat: $21,800

[game clues] [game scores] [suggest correction]

Game tape date: 2024-05-31
The J! Archive is created by fans, for fans. Scraping, republication, monetization, and malicious use prohibited; this site may use cookies and collect identifying information. See terms. The Jeopardy! game show and all elements thereof, including but not limited to copyright and trademark thereto, are the property of Jeopardy Productions, Inc. and are protected under law. This website is not affiliated with, sponsored by, or operated by Jeopardy Productions, Inc. Join the discussion at JBoard.tv.